[Event "Titled Tuesday intern op 07th Jan Early"]
[Site "Chess.com INT"]
[Date "2025.01.07"]
[Round "1"]
[White "Le, Trong De Toan"]
[Black "Bauer, Thomas"]
[Result "0-1"]
[WhiteElo "1972"]
[BlackElo "2195"]
[PlyCount "66"]
[EventDate "2025.01.07"]
[EventType "swiss (blitz)"]
[EventRounds "11"]
[EventCountry "USA"]
[SourceTitle "CB03_2025"]
[SourceDate "2025.01.15"]
[SourceVersion "1"]
[SourceVersionDate "2025.01.15"]
[SourceQuality "1"]

1. e4 e6 2. d4 d5 3. exd5 exd5 4. Nf3 Nf6 5. Bd3 Bd6 6. 0-0 0-0 7. h3 h6 8. Re1 c5 9. c3 Nc6 10. Nbd2 c4 11. Bc2 Be6 12. Nf1 b5 13. a3 a5 14. Bd2 Ra7 15. Ne3 Ne4 16. Bxe4 dxe4 17. d5 exf3 18. Qxf3 Ne5 19. Qe4 Bc8 20. Nf5 Bxf5 21. Qxf5 Nd3 22. Re4 Qf6 23. Qxf6 gxf6 24. Bxh6 Rd8 25. Rae1 f5 26. Rh4 f6 27. Rh5 Nxe1 28. Be3 Rg7 29. g4 fxg4 30. hxg4 Rxg4+ 31. Kf1 Nd3 32. Rh6 Kg7 33. Rh3 Re8 0-1

[Event "Titled Tuesday intern op 07th Jan Early"]
[Site "Chess.com INT"]
[Date "2025.01.07"]
[Round "9"]
[White "Vingris, Mikelis"]
[Black "Bauer, Thomas"]
[Result "1-0"]
[WhiteElo "2147"]
[BlackElo "2195"]
[PlyCount "69"]
[EventDate "2025.01.07"]
[EventType "swiss (blitz)"]
[EventRounds "11"]
[EventCountry "USA"]
[SourceTitle "CB03_2025"]
[SourceDate "2025.01.15"]
[SourceVersion "1"]
[SourceVersionDate "2025.01.15"]
[SourceQuality "1"]

1. e4 e6 2. d4 d5 3. Nc3 Bb4 4. e5 c5 5. a3 Bxc3+ 6. bxc3 Ne7 7. Nf3 b6 8. Be2 Ba6 9. 0-0 0-0 10. a4 Bxe2 11. Qxe2 Nbc6 12. Ba3 c4 13. Nd2 Re8 14. f4 Nf5 15. g4 Nh4 16. Nf3 f5 17. exf6 Qxf6 18. Ne5 Rac8 19. Rf2 Nxe5 20. fxe5 Qg5 21. Raf1 h5 22. h3 Kh7 23. Kh2 hxg4 24. Qxg4 Qxg4 25. hxg4 Rc7 26. Kg3 Ng6 27. Rf7 Rec8 28. Bd6 Rxf7 29. Rxf7 Ra8 30. Rb7 Kh6 31. Ba3 Nh8 32. Re7 a6 33. Rxe6+ g6 34. Rd6 b5 35. a5 1-0